• 首页
  • 本馆介绍
  • 公告通知
  • 最新文献
  • 馆藏检索
  • 电子资源
  • 读者导购
  • 参考咨询
  • 我的图书馆
  • 登录
  • 详细信息显示
  • 放入我的书架
  • 预约/预借图书
  • 作者相关作品
  • 分类相关作品
  • 丛书相关作品
  • 出版社相关作品

书目信息

  • 表格格式
  • 工作单格式
  • 卡片格式
题名:
图说世界艺术文化
    
 
作者: 曹录新 , 燕泥 编著
分册:  
出版信息: 长春   吉林人民出版社  2008
页数: 207页
开本: 25cm
丛书名:
单 册:
中图分类: J110.9
科图分类:
主题词: 艺术史--世界--通俗读物 , 艺术史
电子资源:
ISBN: 978-7-206-05462-4
000 00995nam0 2200277 45
001 1050828390
005 20100419093653.96
010    @a978-7-206-05462-4@dCNY39.80
100    @a20100409e20092008em y0chiy50 ea
101 0  @achi
102    @aCN@b220000
105    @aa z 000yy
106    @ar
200 1  @a图说世界艺术文化@ATu Shuo Shi Jie Yi Shu Wen Hua@dIllustration of the culture of art in the world@f曹录新,燕泥编著@FCao Lu Xin, Yan Ni Bian Zhu@zeng
210    @a长春@c吉林人民出版社@d2008@h2009
215    @a207页@c图@d25cm
300    @a图说世界文化
330    @a本书用通俗的语言,丰富的图画介绍了世界的艺术文化史。内容涉及油画、戏剧、音乐等艺术形式,以及各个时期的艺术流派等等。
510 1  @aIllustration of the culture of art in the world@zeng
606 0  @a艺术史@y世界@j通俗读物
606 0  @a艺术史
690    @aJ110.9@v4
701  0 @a曹录新@ACao Lu Xin@4编著
701  0 @a燕泥@AYan Ni@4编著
801  0 @aCN@bTANGWEI@c20100419
905    @b0590870-71@dJ110.9@e105@f2
    
    图说世界艺术文化=Illustration of the culture of art in the world/曹录新,燕泥编著.-长春:吉林人民出版社,2008(2009)
    207页:图;25cm
    图说世界文化
    
    ISBN 978-7-206-05462-4:CNY39.80
    本书用通俗的语言,丰富的图画介绍了世界的艺术文化史。内容涉及油画、戏剧、音乐等艺术形式,以及各个时期的艺术流派等等。
●
相关链接 在E读中查询图书 在五车中查询图书 在当当中查询图书 在豆瓣中查询图书


正题名:图说世界艺术文化     索取号:J110.9/105         预约/预借

序号 登录号 条形码 馆藏地/架位号 状态 备注
1 0590870   205908703   第一样本阅览室/ [索取号:J110.9/105] 在馆    
2 0590871   205908712   第一借阅区/ [索取号:J110.9/105] 在馆    
唐山师范学院图书馆 欢迎您!
大连网信软件有限公司© 版权所有